Boroughs of London - Sudden Death - Statistics

General Stats
  • This quiz has been taken 1,515 times
  • The average score is 9 of 32
Answers on the Grid
Answers color-coded by a green-red scale on the quiz's grid according to % correct below.
Acton
Barking and Dagenham
Barnet
Bexley
Brent
Brixton
Bromley
Camden
Canary Wharf
Chingford
Clapham
Clapton
Croydon
Ealing
Enfield
Essex
Euston
Farringdon
Greenwich
Hackney
Hammersmith and Fulham
Hampstead
Haringey
Harrow
Havering
Hillingdon
Hornsey
Hounslow
Islington
Kensington and Chelsea
Kilburn
Kingston upon Thames
Knightsbridge
Lambeth
Lewisham
Leyton
Marylebone
Merton
Newham
Northolt
Paddington
Piccadilly
Redbridge
Richmond upon Thames
Romford
Ruislip
Shoreditch
Southgate
Southwark
Stratford
Surrey
Sutton
Tottenham
Tower Hamlets
Trafalgar
Victoria
Waltham Forest
Walton-on-Thames
Wandsworth
Wembley
Westminster
Wimbledon
Windsor
Woolwich
 
Answer Stats
Answer % Correct
Westminster
40%
Kensington and Chelsea
38%
Greenwich
34%
Camden
33%
Hammersmith and Fulham
33%
Tower Hamlets
32%
Croydon
31%
Hackney
31%
Islington
30%
Lambeth
29%
Southwark
29%
Barking and Dagenham
28%
Bromley
27%
Ealing
27%
Lewisham
27%
Enfield
26%
Wandsworth
26%
Barnet
25%
Brent
25%
Haringey
25%
Hounslow
25%
Kingston upon Thames
25%
Richmond upon Thames
25%
Harrow
24%
Newham
24%
Havering
23%
Hillingdon
23%
Merton
21%
Sutton
20%
Waltham Forest
20%
Redbridge
19%
Bexley
18%
No matching quizzes found
Score Distribution
Percent of People with Each Score
Percentile by Number Answered
Your Score History
You have not taken this quiz